000
00313nam a22001337a 4500
008
180301b xxu||||| |||| 00| 0 eng d
020
_a
9780802774842
041
_a
eng
080
_a
610
100
_a
4
101
_a
SHM
245
_a
Fibro-Myalgia: A Comprehensive Approach
_c
Williamson, M.E
942
_2
udc
_c
BK
999
_c
43769
_d
43769